Trenerzy Stali Mielec - nagła śmierć - Statystyki

Ogólne statystyki
  • Ten quiz został rozwiązany 14 razy
  • Średni wynik to 7 z 15
Answers on the Grid
Answers color-coded by a green-red scale on the quiz's grid according to % correct below.
Grzegorz Wcisło
Mariusz Rumak
Ireneusz Mamrot
Kazimierz Moskal
Ryszard Wieczorek
Ivan Djurdjević
Franciszek Smuda
Janusz Skrobacz
Janusz Niedźwiedź
Czesław Michniewicz
Tomasz Tułacz
Orest Leńczyk
Leszek Ojrzyński
Zbigniew Smółka
Dariusz Banasik
Kamil Kiereś
Michał Probierz
Dariusz Marzec
Adam Nawałka
Artur Skowronek
Kamil Kuzera
Włodzimierz Gąsior
Pavel Stano
Goncalo Feio
Adam Majewski
Marcin Sasal
Grzegorz Lato
Przemysław Cecherz
Jan Złomanczuk
Tomasz Kafarski
 
Statystyki odpowiedzi
Odpowiedź % Poprawnych
Ivan Djurdjević
73%
Dariusz Marzec
64%
Janusz Niedźwiedź
64%
Grzegorz Lato
55%
Ireneusz Mamrot
55%
Kamil Kiereś
55%
Włodzimierz Gąsior
55%
Artur Skowronek
45%
Leszek Ojrzyński
45%
Tomasz Tułacz
45%
Adam Majewski
36%
Franciszek Smuda
36%
Zbigniew Smółka
36%
Grzegorz Wcisło
27%
Jan Złomanczuk
27%
Nie znaleziono quizów pasujących do podanych kryteriów
Rozkład punktacji
Procent ludzi z każdym wynikiem
Percentyl według liczby udzielonych odpowiedzi
Twoja historia wyników
Nie rozwiązałeś tego quizu